Statystyki dla Legendy i ikony w serii gier FIFA (zaktualizowane o FIFĘ 21)

Kliknij tutaj aby rozwiązać quiz!

Ogólne statystyki

  • Ten quiz został rozwiązany 6 663 razy
    (4 416 od ostatniego zresetowania)
  • Średni wynik to 70 z 123

Statystyki odpowiedzi

Edycja/edycje, gdzie występowałPozycja/pozycje zawodnikaNarodowośćPiłkarz% Poprawnych
14, 15, 16, 17, 18, 19, 20, 21ŚP, ŚNHolandiaRuud Gullit
90%
14, 15, 16, 17, 18, 19, 20, 21ŚN, ŚPO, NBrazyliaPelé
88%
18, 19, 20, 21ŚPOArgentynaDiego Maradona
86%
14, 15, 16, 17, 18, 19, 20, 21ŚO, LOWłochyPaolo Maldini
84%
19, 20, 21NNiemcyMiroslav Klose
83%
18, 19, 20, 21NBrazyliaRonaldo
83%
14, 15, 16, 17, 19, 20, 21PS, ŚPOPortugaliaLuís Figo
81%
17, 18, 19, 20, 21ŚOAngliaRio Ferdinand
79%
14, 15, 16, 17, 18, 19, 20, 21ŚPO, LPRumuniaGheorghe Hagi
78%
15, 16, 17, 18, 19, 20, 21LOBrazyliaRoberto Carlos
77%
18, 19, 20, 21ŚPO, LSBrazyliaRonaldinho
76%
14, 15, 16, 17, 18, 19, 20, 21ŚPOPortugaliaRui Costa
75%
19, 20, 21ŚNPortugaliaEusébio
74%
16, 17, 18, 19, 20, 21ŚPO, ŚPPortugaliaDeco
74%
14, 15, 16, 17, 18, 19, 20, 21NArgentynaHernán Crespo
73%
14, 15, 16, 17, 18, 19, 20, 21NSzwecjaHenrik Larsson
73%
14, 15, 16, 17, 18, 19, 20, 21BRHolandiaEdwin van der Sar
72%
15, 16, 17, 19, 20, 21ŚOAngliaBobby Moore
71%
14, 15, 16, 17, 19, 20, 21ŚOWłochyFabio Cannavaro
71%
18, 19, 20, 21BRRosjaLew Jaszyn
71%
14, 15, 16, 17, 19, 20, 21LP, ŚPOCzechyPavel Nedvěd
70%
17, 18, 19, 20, 21ŚO, POHiszpaniaCarles Puyol
70%
16, 17, 19, 20, 21PS, LSIrlandia PółnocnaGeorge Best
70%
18, 19, 20, 21N, LSFrancjaThierry Henry
69%
14, 15, 16, 17, 19, 20, 21ŚOHiszpaniaFernando Hierro
68%
19, 20, 21ŚPOJaponiaHidetoshi Nakata
68%
14, 15, 16, 17, 18, 19, 20, 21NHolandiaMarco van Basten
67%
16, 17, 19, 20, 21LPWaliaRyan Giggs
67%
17, 18, 19, 20, 21ŚN, LS, ŚPOWłochyAlessandro Del Piero
67%
17, 18, 19, 20, 21NMeksykLuis Hernández
67%
14, 15, 16, 17, 21NChorwacjaDavor Šuker
67%
21PO, LO, ŚPDNiemcyPhilipp Lahm
67%
20, 21NWybrzeże Kości SłoniowejDidier Drogba
66%
15, 16, 17, 18, 19, 20, 21ŚPO, PPNigeriaJay-Jay Okocha
66%
16, 17, 18, 19, 20, 21PO, LO, ŚPDArgentynaJavier Zanetti
66%
21BRCzechyPetr Čech
66%
20, 21ŚOHolandiaRonald Koeman
66%
20, 21PO, ŚOBrazyliaCarlos Alberto
65%
19, 20, 21ŚP, ŚPDAngliaSteven Gerrard
64%
21N, ŚNWęgryFerenc Puskás
64%
17, 18, 19, 20, 21ŚPD, LOFrancjaEmmanuel Petit
64%
19, 20, 21ŚN, LS, ŚPOBrazyliaRivaldo
64%
21NHiszpaniaFernando Torres
63%
19, 20, 21ŚNHolandiaJohan Cruyff
63%
14, 15, 16, 17NLiberiaGeorge Weah
63%
14, 15, 16, 17, 19, 20, 21NAngliaGary Lineker
63%
14, 15, 16, 17, 18, 19, 20, 21NWłochyFilippo Inzaghi
63%
21ŚOSerbiaNemanja Vidić
62%
20, 21ŚPOFrancjaZinédine Zidane
62%
15, 16, 17, 18, 19, 20, 21ŚO, ŚPOFrancjaLaurent Blanc
62%
19, 20, 21ŚPAngliaFrank Lampard
62%
20, 21ŚPDGhanaMichael Essien
62%
19, 20, 21ŚPNiemcyMichael Ballack
61%
17, 19, 20, 21ŚPArgentynaJuan Sebastián Verón
61%
19, 20, 21ŚPD, PPFrancjaClaude Makélélé
61%
14, 15, 16, 17, 19, 20, 21ŚOAngliaSol Campbell
61%
21LOAngliaAshley Cole
61%
20, 21NWaliaIan Rush
61%
14, 15, 16, 17, 18, 19, 20, 21NUkrainaAndrij Szewczenko
61%
20, 21PSBrazyliaGarrincha
61%
16, 17, 18, 19, 20, 21ŚPO, ŚNFinlandiaJari Litmanen
60%
20, 21PO, LO, CPSWłochyGianluca Zambrotta
60%
15, 16, 17, 18, 19, 20, 21NAngliaAlan Shearer
59%
14, 15, 16, 17, 18, 19, 20, 21ŚO, ŚPD, ŚPNiemcyLothar Matthäus
59%
16, 17, 18, 19, 20, 21ŚOWłochyAlessandro Nesta
59%
15, 16, 17, 19, 20, 21ŚPIrlandiaRoy Keane
59%
14, 15, 16, 17, 19, 20, 21NWłochyChristian Vieri
59%
21ŚPHiszpaniaXavi
59%
15, 16, 17, 19, 20, 21N, LSBułgariaChristo Stoiczkow
58%
20, 21NMeksykHugo Sánchez
58%
14, 15, 16, 17, 18, 19, 20, 21NAngliaMichael Owen
58%
20, 21N, ŚNSzkocjaKenny Dalglish
58%
14, 15, 16, 17, 19, 20, 21ŚNWłochyGianfranco Zola
57%
19, 20, 21ŚPOBrazyliaSócrates
57%
14, 15, 16, 17, 19, 20BRNiemcyJens Lehmann
57%
21NKamerunSamuel Eto'o
57%
14, 15, 16, 17, 18, 19, 20, 21ŚO, ŚPDFrancjaMarcel Desailly
57%
14, 15, 16, 17, 18, 19, 20, 21ŚN, ŚPOHolandiaDennis Bergkamp
56%
15, 16, 17, 18, 19, 20, 21BRDaniaPeter Schmeichel
56%
15, 16, 17, 19, 20, 21ŚOWłochyFranco Baresi
56%
20, 21ŚPOBrazyliaKaká
55%
14, 15, 16, 17, 18, 19, 20, 21ŚPFrancjaPatrick Vieira
55%
15, 16, 17, 19, 20, 21NHiszpaniaEmilio Butragueño
55%
20, 21ŚPWłochyAndrea Pirlo
55%
14, 15, 16, 17, 18, 19, 20, 21LP, ŚPOFrancjaRobert Pirès
54%
20, 21ŚPDHiszpaniaPep Guardiola
54%
16, 17, 19, 20, 21ŚPD, ŚPWłochyGennaro Gattuso
53%
17, 18, 19, 20, 21LP, LSHolandiaMarc Overmars
53%
20, 21LS, ŚPOAngliaJohn Barnes
52%
19, 20, 21ŚNHiszpaniaRaúl
52%
15, 16, 17ŚPOKolumbiaCarlos Valderrama
52%
21ŚNFrancjaÉric Cantona
52%
21PP, ŚPAngliaDavid Beckham
50%
15, 16, 17ŚONiemcyFranz Beckenbauer
50%
19, 20, 21NFrancjaDavid Trezeguet
48%
20, 21ŚPOArgentynaJuan Román Riquelme
48%
20, 21NAngliaIan Wright
47%
17, 19, 20, 21ŚPAngliaPaul Scholes
45%
14NBrazyliaRomário
45%
14, 15, 16, 17LSPortugaliaPaulo Futre
44%
19, 20, 21ŚPO, ŚNWłochyRoberto Baggio
44%
19, 20, 21ŚP, ŚPOHolandiaClarence Seedorf
43%
14, 15, 16, 17, 18, 19, 20, 21NHolandiaPatrick Kluivert
43%
21ŚP, LPNiemcyBastian Schweinsteiger
43%
14, 15, 16, 17, 18, 19, 20, 21ŚO, ŚPDHolandiaFrank Rijkaard
40%
14, 15, 16, 17, 19, 20, 21NHolandiaRuud van Nistelrooy
39%
14, 15, 16, 17BRAngliaDavid Seaman
37%
16, 17ŚOUSAAlexi Lalas
34%
14, 15, 16, 17POAngliaGary Neville
32%
15, 16, 17, 18, 19, 20, 21ŚPO, LS, ŚNDaniaMichael Laudrup
30%
16, 17ŚNUSALandon Donovan
28%
17NNorwegiaOle Gunnar Solskjær
27%
14, 15, 16, 17ŚOHolandiaFrank De Boer
23%
14, 15, 16, 17NNiemcyOliver Bierhoff
22%
15, 16, 17CLSNiemcyAndreas Brehme
22%
15, 16, 17ŚNDaniaBrian Laudrup
21%
14, 15, 16, 17NPortugaliaPauleta
21%
14, 15, 16, 17PPSzwecjaFreddie Ljungberg
20%
17ŚOAngliaJamie Carragher
20%
16, 17BRPortugaliaVitor Baía
17%
14, 15, 16, 17NAngliaRobbie Fowler
16%
14, 15, 16, 17NAngliaTeddy Sheringham
13%
14, 15, 16, 17ŚPONiemcyStefan Effenberg
13%

Rozkład punktacji

Percentyl według liczby udzielonych odpowiedzi

Procent ludzi z każdym wynikiem

Twoja historia wyników

Nie rozwiązałeś tego quizu od ostatniego zresetowania